Language Quiz

Random Language or German Quiz

German Vocab 10 Quiz Stats

 Plays Quiz not verified by Sporcle

Support Sporcle.
Go Orange.
Score 0/56 Timer 15:00
0 Plays Today
english german % Correct
dirtyschmutzig
69.6%
roofdas Dach
65.2%
town hall; city halldas Rathaus
65.2%
to rentmieten
65.2%
basement; cellarder Keller
60.9%
post office; maildie Post
60.9%
partder Teil
60.9%
to repeatwiederholen
60.9%
reallywirklich
60.9%
advantageder Vorteil
60.9%
cleansauber
60.9%
high-risedas Hochhaus
56.5%
map of the city/townder Stadtplan
56.5%
vacuum cleanerder Staubsauger
56.5%
male artistder Künstler
56.5%
female artistdie Künstlerin
56.5%
home (country)die Heimat
56.5%
lunch breakdie Mittagspause
56.5%
to usebenutzen
56.5%
disadvantageder Nachteil
56.5%
to openaufmachen
52.2%
to ringklingeln
52.2%
to tryversuchen
47.8%
suresicher
47.8%
single-family dwellingdas Einfamilienhaus
43.5%
male classmate; fellow studentder Mitstudent
43.5%
female classmate; fellow studentdie Mitstudentin
43.5%
exhibition; exhibitdie Ausstellung
43.5%
english german % Correct
to rent outvermieten
43.5%
pedestrian zonedie Fußgängerzone
39.1%
district, part of city/townder Stadtteil
39.1%
owneigen
39.1%
instead ofstatt
39.1%
buildingdas Gebäude
34.8%
candie Dose
34.8%
to ironbügeln
34.8%
at leastwenigstens
34.8%
I don't feel likeIch habe keine Lust
34.8%
condominium apartmentdie Eigentumswohnung
30.4%
kitchen priviligesdie Küchenbenutzung
30.4%
sewing machinedie Nähmaschine
30.4%
rocking chairder Schaukelstuhl
30.4%
to disturbstören
30.4%
excitedaufgeregt
30.4%
open air marketder Wochenmarket
26.1%
shared housingdie Wohngemeinschaft
26.1%
can openerder Dosenöffner
26.1%
I enjoyEs macht mir Spaß
26.1%
irondas Bügeleisen
21.7%
corkscrewder Korkenzieher
21.7%
acquantaincedie Bekannte
21.7%
what...forwozu
21.7%
near the universityin der Nähe der Uni
13%
etc..usw
13%
I'm sick of...I'm fed up withIch habe es satt
0%
what's upWas ist denn los
0%

You're not logged in!

Compare scores with friends on all Sporcle quizzes.
OR
Log In

From the Vault

Clickable Times Square Blitz

by bhenderson79

This is as close as we'll ever get to being in Times Square on New Year's Eve.
Remove Ads.
Support Sporcle.
Get the best of Sporcle when you Go Orange. This ad-free experience offers more features, more stats, and more fun while also helping to support Sporcle. Thank you for becoming a member.

Show Comments

Extras

Created Feb 25, 2011ReportNominate
Tags:German Quiz, Vocabulary Quiz

Top Quizzes Today


Score Distribution

Your Account Isn't Verified!

In order to create a playlist on Sporcle, you need to verify the email address you used during registration. Go to your Sporcle Settings to finish the process.

Report this User

Report this user for behavior that violates our Community Guidelines.

Details: